|
|
|
|
| LEADER |
00644nab a2200181 i 4500 |
| 001 |
publ19786 |
| 005 |
20210201060042.0 |
| 008 |
201021s2020 hu o 0|| zxx d |
| 022 |
|
|
|a 0237-7934
|
| 024 |
7 |
|
|a 31634538
|2 mtmt
|
| 040 |
|
|
|a SZTE Publicatio Repozitórium
|b hun
|
| 041 |
|
|
|a zxx
|
| 100 |
1 |
|
|a Lénárt András
|
| 245 |
1 |
2 |
|a A spanyol változat – Fordítók és tolmácsok a Franco-diktatúrában
|h [elektronikus dokumentum] /
|c Lénárt András
|
| 260 |
|
|
|c 2020
|
| 300 |
|
|
|a 26-36
|
| 490 |
0 |
|
|a AETAS: TÖRTÉNETTUDOMÁNYI FOLYÓIRAT
|v 35 No. 2
|
| 856 |
4 |
0 |
|u http://publicatio.bibl.u-szeged.hu/19786/1/Lenart_A_Aetas_2020_2.pdf
|z Dokumentum-elérés
|